Normal view
MARC view
- Boar, Bernard.H
Entry Personal Name
001 - CONTROL NUMBER
- control field: 63148
003 - CONTROL NUMBER IDENTIFIER
- control field: NUST
005 - DATE AND TIME OF LATEST TRANSACTION
- control field: 20210628203052.0
008 - FIXED-LENGTH DATA ELEMENTS
- fixed length control field: 210628|| aca||aabn | a|a d
040 ## - CATALOGING SOURCE
- Original cataloging agency: NUST
- Transcribing agency: NUST
100 ## - HEADING--PERSONAL NAME
- Personal name: Boar, Bernard.H
670 ## - SOURCE DATA FOUND
- Source citation: Work cat.: (NUST): Boar, Bernard.H, The art of strategic planning for information technology, 2001
